Konkurencieschopnosť živnostníkov v okrese Košice - okolie
Príspevok analyzuje stav, vývoj a konkurencieschopnosť živnostenského podnikania v okrese Košice - okolie a zároveň navrhuje niektoré perspektívy rozvoja tohto sektora. Faktory, ktoré nepriaznivo vplývajú na živnostenské podnikanie. Príčiny zániku súkromných firiem.
Guardado en:
| Autor principal: | |
|---|---|
| Formato: | Capítulo de libro |
| Lenguaje: | eslovaco |
| Materias: | |
| Etiquetas: |
Sin Etiquetas, Sea el primero en etiquetar este registro!
|
MARC
| LEADER | 00000naa$a2200000$$$4500 | ||
|---|---|---|---|
| 001 | 0004138 | ||
| 005 | 20231004074631.7 | ||
| 041 | 0 | |a slo | |
| 044 | |a SK | ||
| 245 | 1 | 0 | |a Konkurencieschopnosť živnostníkov v okrese Košice - okolie |c aut. Monika Hudáková |
| 520 | |a Príspevok analyzuje stav, vývoj a konkurencieschopnosť živnostenského podnikania v okrese Košice - okolie a zároveň navrhuje niektoré perspektívy rozvoja tohto sektora. Faktory, ktoré nepriaznivo vplývajú na živnostenské podnikanie. Príčiny zániku súkromných firiem. | ||
| 610 | 2 | 0 | |a podnikanie malé |
| 610 | 2 | 0 | |a podnikanie stredné |
| 610 | 2 | 0 | |a podnikanie živnostenské |
| 610 | 2 | 0 | |a konkurencieschopnosť |
| 610 | 2 | 0 | |a Slovensko |
| 100 | 1 | |a Hudáková, Monika | |